000 00534nam a2200217Ia 4500
003 OSt
005 20220928143525.0
006 a|||||r|||| 00| 0
007 ta
008 220927b |||||||| |||| 00| 0 eng d
024 _a22383
037 _cTextual
040 _aSDCL
_cSDCL
_beng
041 _2eng
_aeng
082 _aQ:37, M1
100 _aTorrance Thomas F
_9505621
245 0 _aDivine and contingent order.
260 _c1981
942 _hQ:37, M1
_cTEXL
_2CC
999 _c824376
_d824376